|
|
|
|
| LEADER |
00000cam a2200000 a 4500 |
| 001 |
vtls008745435 |
| 003 |
SK-MaSNL |
| 005 |
20260427131643.0 |
| 008 |
251029s1999 xo a g 000 0 slo |
| 020 |
|
|
|a 807118747X
|q (brož.)
|
| 035 |
|
|
|a POKPOH40227
|
| 040 |
|
|
|a SNK
|b slo
|c SNK
|e AACR2
|
| 041 |
1 |
|
|a slo
|h eng
|
| 044 |
|
|
|a xo
|c SK
|
| 080 |
|
|
|a 159.923
|2 1981
|
| 080 |
|
|
|a 159.9.072
|2 1981
|
| 100 |
1 |
|
|a Skitt, Carolyn
|4 aut
|9 403941
|
| 245 |
1 |
0 |
|a Otestujte si svoje IQ
|c Carolyn Skitt ; [z anglického originálu prel. Michal Kovár]
|
| 250 |
|
|
|a 1. vyd.
|
| 260 |
|
|
|a Bratislava
|b Ikar
|c 1999
|
| 300 |
|
|
|a 221 s.
|c 20 cm
|
| 490 |
1 |
|
|a Mensa
|v 2.
|
| 610 |
2 |
7 |
|a Mensa (Slovensko)
|2 SNKKA
|9 919260
|
| 650 |
0 |
7 |
|a inteligencia
|2 POKPOH
|9 15977
|
| 655 |
|
7 |
|a testy
|2 POKPOH
|9 70500
|
| 700 |
1 |
|
|a Kovár, Michal
|4 trl
|9 741593
|
| 919 |
|
|
|a 80-7118-747-X
|
| 999 |
|
|
|c 1168048
|d 1169978
|
| 952 |
|
|
|t P60, <03>, [BOOK], {603}
|a SNK
|b SNK
|y PREZ
|7 0
|p 17A0208495
|o snkSD 70338
|i snkKSP 8951/99
|0 0
|1 0
|4 0
|d 1999-09-09
|l 0
|r 2005-01-02 00:00:00
|w 2026-02-24
|
| 952 |
|
|
|t P60, <04>, [BOOK], {604}
|a SNK
|b SNK
|y VYP
|7 0
|p 17A0208496
|o snkSD 70338 D1
|i snkKSP 8952/99
|0 0
|1 0
|4 0
|d 1999-09-09
|l 0
|r 2005-01-02 00:00:00
|w 2026-02-24
|